| 000 | 03342cam a22004454a 4500 | ||
|---|---|---|---|
| 001 | 14552727 | ||
| 005 | 20070427084907.0 | ||
| 008 | 060913s2008 paua b 001 0 eng | ||
| 010 | _a 2006030587 | ||
| 016 | 7 |
_a101287324 _2DNLM |
|
| 020 | _a9780781786430 | ||
| 020 | _a0781786436 | ||
| 035 | _a(OCoLC)ocm71350537 | ||
| 035 | _a(OCoLC)71350537 | ||
| 040 |
_aDNLM/DLC _cDLC _dNLM _dBAKER _dC#P _dYDXCP _dYDX _dBTCTA _dDLC |
||
| 042 | _apcc | ||
| 050 | 0 | 0 |
_aRT98 _b.A533 2008 |
| 060 | 0 | 0 | _a2007 B-272 |
| 060 | 1 | 0 |
_aWY 106 _bA546ca 2008 |
| 082 | 0 | 0 |
_a610.7343 _222 _bAND |
| 100 | 1 | _aAnderson, Elizabeth T. | |
| 245 | 1 | 0 |
_aCommunity as partner : _btheory and practice in nursing / _cElizabeth T. Anderson, Judith McFarlane. |
| 250 | _a5th ed. | ||
| 260 |
_aPhiladelphia : _bLippincott Williams & Wilkins, _cc2008. |
||
| 300 |
_aviii, 488 p. : _bill. ; _c24 cm. |
||
| 504 | _aIncludes bibliographical references and index. | ||
| 505 | 0 | _aCommunity health nursing: essentials of practice / Shirley Hutchinson, Elizabeth T. Anderson, and Janet Gottschalk -- Epidemiology, demography, and community health / Sandra A. Cashaw -- Environment and the health of communities / Ruth Grubesic -- Ethical quandaries in community health nursing / Susan Scoville Walker -- Community empowerment and healing / Bruce Leonard -- Cultural competence: common ground for partnerships in health care / Judith C. Drew -- Partnering with communities for healthy public policy / Julia Henderson Gist -- Informatics and community health nursing / Teresa J. Walsh -- Preventing and managing community emergencies: disasters and infectious diseases / Elnora P. Mendias and Deanna E. Grimes -- A model to guide practice / Elizabeth T. Anderson -- | |
| 505 | 0 | _aCommunity assessment / Elizabeth T. Anderson and Judith McFarlane -- Community analysis and nursing diagnosis / Elizabeth T. Anderson and Judith McFarlane -- Planning a community health program / Elizabeth T. Anderson and Judith McFarlane -- Implementing a community health program / Elizabeth T. Anderson and Judith McFarlane -- Evaluating a community health program / Elizabeth T. Anderson and Judith McFarlane -- Promoting healthy partnerships with refugees and immigrants / Charles Kemp -- Promoting healthy partnerships with schools / Nina Fredland -- Promoting healthy partnerships with faith-based organizations / Nina Fredland -- Promoting healthy partnerships with marginalized groups / Nina Fredland -- Promoting healthy partnerships in the workplace / Ann Malecha and Pam Willson -- Promoting healthy partnerships with community elders / Shirley Hutchinson. | |
| 650 | 0 | _aCommunity health nursing. | |
| 650 | 1 | 2 | _aCommunity Health Nursing. |
| 650 | 2 | 2 | _aHealth Promotion. |
| 650 | 2 | 2 | _aNurse's Role. |
| 650 | 2 | 2 | _aNursing Theory. |
| 700 | 1 | _aMcFarlane, Judith M. | |
| 856 | 4 | 1 |
_3Table of contents only _uhttp://www.loc.gov/catdir/toc/ecip071/2006030587.html |
| 856 | 4 | 2 |
_3Publisher description _uhttp://www.loc.gov/catdir/enhancements/fy0712/2006030587-d.html |
| 942 |
_2ddc _cBB |
||
| 999 |
_c10914 _d10914 |
||